LEADER 01073nam0-22003131i-450- 001 990000547920403321 005 20071011132955.0 035 $a000054792 035 $aFED01000054792 035 $a(Aleph)000054792FED01 035 $a000054792 100 $a20020821d1968----km-y0itay50------ba 101 0 $aita 102 $aIT 105 $ay-------001yy 200 1 $aRaccolta delle leggi, dei decreti, dei regolamenti e delle circolari sulla istruzione universitaria dal luglio 1960 al 1964$fMinistero della Pubblica Istruzione 210 $aFirenze$cLe Monnier$d1968 215 $a927 p.$d25 cm 710 01$aItalia.$bMinistero della pubblica istruzione$0354240 801 0$aIT$bUNINA$gRICA$2UNIMARC 901 $aBK 912 $a990000547920403321 952 $a05 58 124$b1617$fDININ 952 $a07 N-12/A$b3486$fDINSC 952 $a07 N-12/B$b3486$fDINSC 959 $aDININ 959 $aDINSC 996 $aRaccolta delle leggi, dei decreti, dei regolamenti e delle circolari sulla istruzione universitaria dal luglio 1960 al 1964$9329726 997 $aUNINA LEADER 01088nam0-2200337---450- 001 990008462280403321 005 20111213190828.0 010 $a90-04-14617-2 035 $a000846228 035 $aFED01000846228 035 $a(Aleph)000846228FED01 035 $a000846228 100 $a20070202d2006----km-y0itay50------ba 101 0 $aeng 102 $aNL 105 $ay-------001yy 200 1 $aEnsuring compliance with multilateral environmental agreements$ea dialogue between practitioners and academia$fedited by Ulrich Beyerlin, Peter-Tobias Stoll and Rüdiger Wolfrum 210 $aLeiden$cMartinus Nijhoff$d2006 215 $aIX, 391 p.$d25 cm 225 1 $aStudies on the law of treaties$v2 702 1$aBeyerlin,$bUlrich 702 1$aStoll,$bPeter-Tobias 702 1$aWolfrum,$bRüdiger 801 0$aIT$bUNINA$gRICA$2UNIMARC 901 $aBK 912 $a990008462280403321 952 $aDI XXXIII/81$b22600$fDEC 952 $aG 255$b4533$fDSI 959 $aDEC 996 $aEnsuring compliance with multilateral environmental agreements$9729515 997 $aUNINA LEADER 02861oam 2200637I 450 001 9910461295703321 005 20200520144314.0 010 $a9780429896953 010 $a0-429-89970-X 010 $a0-429-47493-8 010 $a1-283-12510-2 010 $a9786613125101 010 $a1-84940-208-6 024 7 $a10.4324/9780429474934 035 $a(CKB)2670000000093984 035 $a(EBL)712323 035 $a(OCoLC)729167072 035 $a(MiAaPQ)EBC712323 035 $a(Au-PeEL)EBL712323 035 $a(CaPaEBR)ebr10497174 035 $a(CaONFJC)MIL312510 035 $a(OCoLC)1029479980 035 $a(EXLCZ)992670000000093984 100 $a20180706d2018 uy 0 101 0 $aeng 135 $aur|n|---||||| 181 $2rdacontent 182 $2rdamedia 183 $2rdacarrier 200 10$aFree Association $eMethod and Process /$fAnton O. Kris 205 $aRev. and expanded ed. 210 1$aLondon :$cTaylor and Francis,$d2018. 215 $a1 online resource (151 p.) 225 1 $aMaresfield library 300 $aFirst published in 1982 by Yale University. 311 $a0-367-32330-3 311 $a1-85575-138-0 320 $aIncludes bibliographical references and index. 327 $aCOVER; CONTENTS; PREFACE TO THE REVISED EDITION; PREFACE; ACKNOWLEDGEMENTS; Chapter 1. Formulation from the viewpoint of free association; Chapter 2. Varieties of free association; Chapter 3. Functions of free association; Chapter 4. The method of free association; Chapter 5. Reluctance, resistance, and negative attitudes; Chapter 6. The dynamics of free association; Chapter 7. Satisfaction in free association; Chapter 8. Free association in two kinds of conflict; Chapter 9. Transference and free association; Chapter 10. Countertransference and free association 327 $aChapter 11. Illustrations of the free association processChapter 12. Development and free association; Chapter 13. Free association in psychotherapy; Chapter 14. Prospects for education and research; BIBLIOGRAPHY; INDEX 330 $a"Beginning from the study of patients' associations in analysis, the author develops a lucid exposition of psychoanalytic technique. He draws on his clinical work to show the influence on technique of new views of mental development, of psychic conflict, transference and countertransference."--Provided by publisher. 410 0$aMaresfield library. 606 $aFree association (Psychology) 606 $aPsychoanalysis 608 $aElectronic books. 615 0$aFree association (Psychology) 615 0$aPsychoanalysis. 676 $a616.89/17 676 $a616.8917 700 $aKris$b Anton O.$0850395 801 0$bFlBoTFG 801 1$bFlBoTFG 906 $aBOOK 912 $a9910461295703321 996 $aFree Association$91898742 997 $aUNINA